[Event "16. Obert Internacional Sant Martí 2014"]
[Site "Barcelona ESP"]
[Date "2014.07.15"]
[Round "3.10"]
[White "Asis Gargatagli, Hipolito"]
[Black "Martinez Alcantara, Jose Eduardo"]
[Result "1/2-1/2"]
[WhiteElo "2460"]
[BlackElo "2295"]
[PlyCount "53"]
[EventDate "2014.07.13"]
[EventType "swiss"]
[EventRounds "9"]
[EventCountry "ESP"]
[Source "lmi"]
[SourceDate "2014.07.13"]

1. e4 c6 2. d4 d5 3. f3 e6 4. Nc3 Bb4 5. Bd2 Ne7 6. Nce2 Bxd2+ 7. Qxd2 O-O 8.
O-O-O Nd7 9. h4 b5 10. h5 a5 11. g4 Nb6 12. h6 g6 13. e5 f6 14. exf6 Rxf6 15.
Qg5 Qf8 16. Nh3 Bd7 17. Nef4 Nc4 18. Bd3 Rc8 19. Rde1 c5 20. Nh5 Rf7 21. N3f4
Rc6 22. b3 cxd4 23. bxc4 bxc4 24. Bxg6 Nxg6 25. Nxg6 Qa3+ 26. Kd1 Qxf3+ 27. Kc1
1/2-1/2

[Event "16. Obert Internacional Sant Martí 2014"]
[Site "Barcelona ESP"]
[Date "2014.07.15"]
[Round "3.11"]
[White "Grigoryan, Karen H"]
[Black "Larsson, Anders"]
[Result "1-0"]
[WhiteElo "2592"]
[BlackElo "2270"]
[PlyCount "87"]
[EventDate "2014.07.13"]
[EventType "swiss"]
[EventRounds "9"]
[EventCountry "ESP"]
[Source "lmi"]
[SourceDate "2014.07.13"]

1. d4 d6 2. Nf3 Bg4 3. c4 Nd7 4. e4 c5 5. Be2 Bxf3 6. Bxf3 cxd4 7. Qxd4 Ngf6 8.
O-O g6 9. Nc3 Bg7 10. Be3 O-O 11. Qd2 Rc8 12. Be2 a6 13. Rac1 Ne5 14. b3 Re8
15. f3 Nc6 16. Rfd1 Qc7 17. Bf1 Qb8 18. Qf2 Ne5 19. Ba7 Qa8 20. Bd4 Qb8 21. h3
Nc6 22. Be3 Nd7 23. f4 Nf6 24. Qf3 Nd8 25. Nd5 Ne6 26. b4 Nxd5 27. exd5 Nf8 28.
c5 e6 29. dxe6 Rxe6 30. Bc4 Rxe3 31. Qxe3 dxc5 32. bxc5 Re8 33. Qf3 Qc7 34. Bd5
Ne6 35. Re1 Rf8 36. Bxe6 fxe6 37. Rxe6 Rxf4 38. Qd5 Rf7 39. Re8+ Bf8 40. Rf1
Kg7 41. Rxf7+ Qxf7 42. Qxf7+ Kxf7 43. Rc8 Be7 44. Kf1 1-0

[Event "16. Obert Internacional Sant Martí 2014"]
[Site "Barcelona ESP"]
[Date "2014.07.15"]
[Round "3.12"]
[White "Matsenko, Sergei"]
[Black "Sagar, Shah"]
[Result "1/2-1/2"]
[WhiteElo "2474"]
[BlackElo "2314"]
[PlyCount "59"]
[EventDate "2014.07.13"]
[EventType "swiss"]
[EventRounds "9"]
[EventCountry "ESP"]
[Source "lmi"]
[SourceDate "2014.07.13"]

1. Nf3 Nf6 2. c4 e6 3. Nc3 Bb4 4. Qc2 c5 5. a3 Ba5 6. g3 Nc6 7. Bg2 O-O 8. O-O
d6 9. d3 h6 10. e3 e5 11. Nd2 Bxc3 12. bxc3 Be6 13. Rb1 Qd7 14. e4 Bh3 15. Bxh3
Qxh3 16. f4 Ng4 17. Nf3 f5 18. Rxb7 fxe4 19. dxe4 exf4 20. gxf4 Nce5 21. Qe2
Ng6 22. f5 N6e5 23. Bf4 Rab8 24. Rxa7 Rb2 25. Qxb2 Nxf3+ 26. Rxf3 Qxf3 27. h3
Qxf4 28. hxg4 Qxe4 29. Qg2 Qxc4 30. Ra8 1/2-1/2

[Event "16. Obert Internacional Sant Martí 2014"]
[Site "Barcelona ESP"]
[Date "2014.07.15"]
[Round "3.13"]
[White "Ghosh, Diptayan"]
[Black "Gemy, Jose Daniel"]
[Result "1/2-1/2"]
[WhiteElo "2468"]
[BlackElo "2330"]
[PlyCount "104"]
[EventDate "2014.07.13"]
[EventType "swiss"]
[EventRounds "9"]
[EventCountry "ESP"]
[Source "lmi"]
[SourceDate "2014.07.13"]

1. d4 d5 2. c4 c6 3. Nf3 Nf6 4. e3 a6 5. Nc3 e6 6. Qc2 Nbd7 7. b3 g6 8. Bd3 Bg7
9. Ba3 Qa5 10. Bd6 Bf8 11. b4 Qd8 12. Bxf8 Kxf8 13. O-O Qe7 14. Rab1 Kg7 15.
cxd5 exd5 16. Na4 Ne4 17. Nc5 Nd6 18. a4 b6 19. Nxd7 Bxd7 20. Ne5 Rhc8 21. a5
bxa5 22. bxa5 Nb5 23. Nxd7 Qxd7 24. Qc5 Qd8 25. Ra1 Qd6 26. Rfc1 Kf8 27. Qc2
Ke7 28. Qe2 Ra7 29. Rc5 Nc7 30. Rac1 Ne6 31. R5c3 c5 32. dxc5 Rxc5 33. Rxc5
Nxc5 34. Qc2 Rc7 35. h3 Ne6 36. Qd2 Rxc1+ 37. Qxc1 Qb4 38. Qa1 Qd6 39. Qb2 Nc5
40. Be2 Qc7 41. Qb4 Ke6 42. Bg4+ f5 43. Be2 Nb7 44. Bxa6 Nxa5 45. Qf8 Nb7 46.
Qg8+ Kd6 47. Bxb7 Qxb7 48. h4 Qe7 49. g3 Qb7 50. Kh2 Qb2 51. Kg2 Qb7 52. Kh2
Qb2 1/2-1/2

[Event "16. Obert Internacional Sant Martí 2014"]
[Site "Barcelona ESP"]
[Date "2014.07.15"]
[Round "3.14"]
[White "Sanchez, Sebastian Felipe"]
[Black "Oliva Castaneda, Kevel"]
[Result "0-1"]
[WhiteElo "2375"]
[BlackElo "2419"]
[PlyCount "64"]
[EventDate "2014.07.13"]
[EventType "swiss"]
[EventRounds "9"]
[EventCountry "ESP"]
[Source "lmi"]
[SourceDate "2014.07.13"]

1. e4 c5 2. Nf3 e6 3. d4 cxd4 4. Nxd4 Nc6 5. Nc3 Qc7 6. f4 a6 7. Nxc6 Qxc6 8.
Bd3 b5 9. Qe2 Bb7 10. Bd2 Bc5 11. O-O-O Ne7 12. a3 O-O 13. g4 Rfc8 14. Kb1 Rab8
15. Rhf1 Ba8 16. Na2 Qc7 17. g5 a5 18. Rf3 b4 19. axb4 axb4 20. Rh3 g6 21. Qg4
Bd4 22. Qh4 b3 23. Qxh7+ Kf8 24. Nc3 Qa5 25. e5 Ng8 26. cxb3 Rxb3 27. Bc2 Qb6
28. Bc1 Rbxc3 29. Rxc3 Rxc3 30. Rxd4 Rxc2 31. Rd6 Qc7 32. Bd2 Rxd2 0-1

[Event "16. Obert Internacional Sant Martí 2014"]
[Site "Barcelona ESP"]
[Date "2014.07.15"]
[Round "3.15"]
[White "Cortes Orihuela, Javier"]
[Black "Martinez Romero, Martin"]
[Result "0-1"]
[WhiteElo "2155"]
[BlackElo "2401"]
[PlyCount "106"]
[EventDate "2014.07.13"]
[EventType "swiss"]
[EventRounds "9"]
[EventCountry "ESP"]
[Source "lmi"]
[SourceDate "2014.07.13"]

1. d4 Nf6 2. c4 e6 3. g3 c5 4. d5 exd5 5. cxd5 d6 6. Nc3 g6 7. Bg2 Bg7 8. Nf3
O-O 9. O-O Re8 10. Nd2 a6 11. a4 Nbd7 12. Ra2 Rb8 13. a5 b5 14. axb6 Nxb6 15.
b3 Qc7 16. Bb2 Nfd7 17. Na4 Bxb2 18. Nxb2 Nf6 19. e4 Bd7 20. Qa1 Bb5 21. Nbc4
Ng4 22. Rc1 Qd8 23. h3 Nf6 24. Na5 Nfd7 25. Ndc4 Qc7 26. f4 Rbc8 27. Kh2 Rb8
28. Re1 Rbc8 29. Rae2 f6 30. Re3 Re7 31. Nc6 Bxc6 32. dxc6 Qxc6 33. e5 d5 34.
Nd6 Rf8 35. exf6 Rxe3 36. f7+ Rxf7 37. Nxf7 Rxe1 38. Nh6+ Kf8 39. Qxe1 Nf6 40.
Qa1 Nbd7 41. Bf1 c4 42. bxc4 dxc4 43. Bg2 Qc5 44. Qc3 Qh5 45. g4 Qxh6 46. g5
Qh4 47. gxf6 Qxf4+ 48. Kh1 Nxf6 49. Qb4+ Kg7 50. Qb7+ Kh6 51. Qxa6 c3 52. Qc6
Nh5 53. Bf3 c2 0-1

[Event "16. Obert Internacional Sant Martí 2014"]
[Site "Barcelona ESP"]
[Date "2014.07.15"]
[Round "3.16"]
[White "Cruz, Cristhian"]
[Black "Benet Morant, Damia"]
[Result "1-0"]
[WhiteElo "2563"]
[BlackElo "2048"]
[PlyCount "107"]
[EventDate "2014.07.13"]
[EventType "swiss"]
[EventRounds "9"]
[EventCountry "ESP"]
[Source "lmi"]
[SourceDate "2014.07.13"]

1. c4 g6 2. g3 Bg7 3. Bg2 e5 4. Nc3 f5 5. d3 Nf6 6. e4 O-O 7. Nge2 Nc6 8. exf5
gxf5 9. O-O d6 10. d4 Ne7 11. b3 c6 12. Ba3 e4 13. d5 c5 14. f3 Ng6 15. Bb2 Qe7
16. Qc2 exf3 17. Bxf3 f4 18. Nxf4 Nxf4 19. gxf4 Qe3+ 20. Kh1 Qxf4 21. Qg2 Qh6
22. Rg1 Bf5 23. Nb5 Rad8 24. Nc7 Rd7 25. Ne6 Qh3 26. Qxh3 Bxh3 27. Nxf8 Kxf8
28. Rg3 Bf5 29. Rf1 Rf7 30. Bg2 Bg6 31. Re3 Ng4 32. Bxg7+ Kxg7 33. Rxf7+ Kxf7
34. Re6 Bf5 35. Re2 Ne5 36. Be4 Bg4 37. Rf2+ Kg7 38. Kg2 a6 39. Bf5 Bh5 40. Bc8
b5 41. Bxa6 b4 42. Bc8 Nd3 43. Rd2 Bg6 44. Kf3 Kf6 45. Ke2 Ne5 46. Ke3 Kg5 47.
Rg2+ Kf6 48. Bg4 Nxg4+ 49. Rxg4 Ke5 50. Rg5+ Kf6 51. Kf4 Bd3 52. Rg8 Ke7 53.
Rg7+ Kf6 54. Rd7 1-0

[Event "16. Obert Internacional Sant Martí 2014"]
[Site "Barcelona ESP"]
[Date "2014.07.15"]
[Round "3.17"]
[White "Vigo Allepuz, David"]
[Black "Dukaczewski, Piotr"]
[Result "0-1"]
[WhiteElo "2085"]
[BlackElo "2303"]
[PlyCount "60"]
[EventDate "2014.07.13"]
[EventType "swiss"]
[EventRounds "9"]
[EventCountry "ESP"]
[Source "lmi"]
[SourceDate "2014.07.13"]

1. d4 Nf6 2. c4 c5 3. d5 b5 4. Qc2 e6 5. e4 bxc4 6. Nc3 Ba6 7. Nf3 Be7 8. Bf4
exd5 9. exd5 d6 10. Bxc4 Bxc4 11. Qa4+ Nbd7 12. Qxc4 Rb8 13. Qe2 O-O 14. O-O
Rb4 15. Bg3 Re8 16. Rab1 Nh5 17. Rfe1 Nxg3 18. hxg3 Nf6 19. Qa6 Qd7 20. Re2 Bd8
21. Rbe1 Rxe2 22. Rxe2 g6 23. b3 Kg7 24. Qd3 Qg4 25. Qa6 Bb6 26. Qb7 c4 27. Re7
Bxf2+ 28. Kxf2 Rxb7 29. Rxb7 cxb3 30. axb3 Qc8 0-1

[Event "16. Obert Internacional Sant Martí 2014"]
[Site "Barcelona ESP"]
[Date "2014.07.15"]
[Round "3.18"]
[White "Rahman, Ziaur"]
[Black "Oms Fuentes, Lluis"]
[Result "1-0"]
[WhiteElo "2515"]
[BlackElo "2293"]
[PlyCount "123"]
[EventDate "2014.07.13"]
[EventType "swiss"]
[EventRounds "9"]
[EventCountry "ESP"]
[Source "lmi"]
[SourceDate "2014.07.13"]

1. b3 d5 2. Bb2 Nf6 3. e3 Bf5 4. h3 e6 5. Nf3 h6 6. c4 Nbd7 7. cxd5 exd5 8. Be2
c6 9. Nc3 Bd6 10. d3 Qe7 11. Qd2 O-O-O 12. a3 Kb8 13. Nd4 Bh7 14. b4 g5 15. Na4
Rc8 16. Rb1 Rhg8 17. b5 Ne5 18. bxc6 Nxc6 19. Bc3 Ne5 20. Nb5 Ne8 21. Bd4 Nc6
22. Nxd6 Nxd6 23. Bc5 Rc7 24. Nc3 Nc4 25. Bxe7 Nxd2 26. Kxd2 Nxe7 27. Nb5 Rd7
28. h4 g4 29. Nd4 h5 30. Rb4 Rc8 31. f3 f5 32. Bd1 Rd6 33. fxg4 fxg4 34. Rf1
Bg6 35. a4 Nc6 36. Nxc6+ Rcxc6 37. Bb3 a6 38. Rd4 Rc5 39. e4 Rb6 40. Rxd5 Rc8
41. Bd1 Rb2+ 42. Ke3 Rxg2 43. Rd6 Be8 44. Bb3 Bc6 45. Rf5 Rh8 46. Bd5 Rg3+ 47.
Kd4 Kc7 48. e5 Rh7 49. Bxc6 bxc6 50. Kc5 Rg1 51. Rxc6+ Kb7 52. Rb6+ Ka7 53.
Rbf6 Rc1+ 54. Kd5 Rd7+ 55. Rd6 Rg7 56. e6 Rcc7 57. Rf2 g3 58. Rg2 Kb7 59. Ke5
Rg6 60. d4 Rc3 61. Rd7+ Kc8 62. d5 1-0

[Event "16. Obert Internacional Sant Martí 2014"]
[Site "Barcelona ESP"]
[Date "2014.07.15"]
[Round "3.19"]
[White "Gonzalez Perez, Arian"]
[Black "Ryan, Joseph"]
[Result "1-0"]
[WhiteElo "2494"]
[BlackElo "2285"]
[PlyCount "55"]
[EventDate "2014.07.13"]
[EventType "swiss"]
[EventRounds "9"]
[EventCountry "ESP"]
[Source "lmi"]
[SourceDate "2014.07.13"]

1. e4 g6 2. d4 Bg7 3. Nc3 c6 4. Nf3 d5 5. h3 dxe4 6. Nxe4 Nf6 7. Nxf6+ exf6 8.
Be2 O-O 9. O-O Be6 10. Be3 a5 11. Qd2 a4 12. a3 Nd7 13. c4 Qa5 14. Rfd1 Qxd2
15. Rxd2 Nb8 16. d5 cxd5 17. cxd5 Bf5 18. Nd4 Bd7 19. Nb5 Na6 20. Nd6 f5 21.
Nxb7 Rfb8 22. Bxa6 Rxa6 23. Nc5 Ra7 24. Rc1 Rc8 25. d6 Rb7 26. Rcc2 Rxc5 27.
Rxc5 Be6 28. d7 1-0

[Event "16. Obert Internacional Sant Martí 2014"]
[Site "Barcelona ESP"]
[Date "2014.07.15"]
[Round "3.20"]
[White "Amigo Vilalta, Jordi"]
[Black "Cruz, Jonathan"]
[Result "1-0"]
[WhiteElo "2231"]
[BlackElo "2471"]
[PlyCount "81"]
[EventDate "2014.07.13"]
[EventType "swiss"]
[EventRounds "9"]
[EventCountry "ESP"]
[Source "lmi"]
[SourceDate "2014.07.13"]

1. d4 Nf6 2. c4 c5 3. d5 b5 4. cxb5 a6 5. bxa6 g6 6. Nc3 Bxa6 7. g3 d6 8. Bg2
Bg7 9. Nf3 O-O 10. O-O Nbd7 11. Rb1 Qa5 12. Bd2 Bb7 13. b3 Qa7 14. Nh4 Nb6 15.
Bg5 h6 16. Bc1 Bc8 17. Qc2 Qd7 18. e4 Ng4 19. h3 Nf6 20. Kh2 e6 21. dxe6 Qxe6
22. Nb5 Qd7 23. a4 c4 24. Rd1 d5 25. e5 Ne4 26. Be3 g5 27. e6 fxe6 28. Bxe4
gxh4 29. Bxb6 Qb7 30. Bh7+ Kh8 31. Be3 hxg3+ 32. fxg3 Rf3 33. Rf1 cxb3 34. Qg6
d4 35. Bxh6 Rxg3 36. Kxg3 Be5+ 37. Bf4 Qg7 38. Nd6 Qxg6+ 39. Bxg6 Bg7 40. Rxb3
Ba6 41. Rfb1 1-0

[Event "16. Obert Internacional Sant Martí 2014"]
[Site "Barcelona ESP"]
[Date "2014.07.15"]
[Round "3.21"]
[White "Huerga Leache, Mikel"]
[Black "Porras Mateo, Felipe"]
[Result "1-0"]
[WhiteElo "2458"]
[BlackElo "2243"]
[PlyCount "95"]
[EventDate "2014.07.13"]
[EventType "swiss"]
[EventRounds "9"]
[EventCountry "ESP"]
[Source "lmi"]
[SourceDate "2014.07.13"]

1. d4 d5 2. c4 Nc6 3. Nf3 Bg4 4. Nc3 e6 5. Bf4 Bd6 6. cxd5 exd5 7. Nxd5 Bxf4 8.
Nxf4 Bxf3 9. gxf3 Qxd4 10. Qxd4 Nxd4 11. O-O-O Rd8 12. e3 Nxf3 13. Rxd8+ Kxd8
14. Bg2 Ne5 15. Bxb7 c6 16. Ba6 Nf6 17. Be2 Kc7 18. Rg1 g6 19. Kc2 Ne4 20. f3
Nd6 21. Kc3 Re8 22. Ng2 Rd8 23. Rc1 a5 24. b3 g5 25. h4 Rg8 26. hxg5 Rxg5 27.
Ne1 Ng6 28. Kd2 Nh4 29. Nd3 Ng6 30. Rh1 h5 31. e4 h4 32. Ke3 f5 33. Nf4 Nxf4
34. Kxf4 Rg2 35. Bf1 Rxa2 36. e5 Nb5 37. Bxb5 cxb5 38. Rc1+ Kd7 39. Kxf5 h3 40.
e6+ Ke7 41. Rc7+ Kd6 42. Rd7+ Kc6 43. Rd1 Re2 44. Kf6 Rf2 45. Rd3 h2 46. e7 Re2
47. Rd1 Kc7 48. Kf7 1-0

[Event "16. Obert Internacional Sant Martí 2014"]
[Site "Barcelona ESP"]
[Date "2014.07.15"]
[Round "3.22"]
[White "Dalo, Hermes"]
[Black "Munoz Pantoja, Miguel"]
[Result "0-1"]
[WhiteElo "2226"]
[BlackElo "2457"]
[PlyCount "78"]
[EventDate "2014.07.13"]
[EventType "swiss"]
[EventRounds "9"]
[EventCountry "ESP"]
[Source "lmi"]
[SourceDate "2014.07.13"]

1. d4 Nf6 2. c4 c5 3. d5 e6 4. Nc3 exd5 5. cxd5 d6 6. Nf3 a6 7. a4 g6 8. Bf4
Bg7 9. h3 O-O 10. e3 Nh5 11. Bh2 f5 12. Be2 f4 13. e4 Nd7 14. O-O Rb8 15. Qc2
Ne5 16. a5 Bd7 17. Ra3 Nxf3+ 18. Bxf3 Be5 19. Qe2 Ng3 20. fxg3 fxg3 21. Bxg3
Bxg3 22. Raa1 h5 23. Qc2 Be5 24. Ne2 Qg5 25. Qc1 Qxc1 26. Raxc1 Bxb2 27. Rb1
Be5 28. Rb6 Bb5 29. Rb1 Bd3 30. Rd1 Rxf3 31. gxf3 Bxe2 32. Rdb1 Bd3 33. Rxb7
Rxb7 34. Rxb7 Bd4+ 35. Kg2 c4 36. Rb6 c3 37. Rxd6 c2 38. Rc6 Be5 39. Kf2 Bf4
0-1

[Event "16. Obert Internacional Sant Martí 2014"]
[Site "Barcelona ESP"]
[Date "2014.07.15"]
[Round "3.23"]
[White "Hansen, Torbjorn Ringdal"]
[Black "Andersen, Alf R"]
[Result "1-0"]
[WhiteElo "2448"]
[BlackElo "2214"]
[PlyCount "77"]
[EventDate "2014.07.13"]
[EventType "swiss"]
[EventRounds "9"]
[EventCountry "ESP"]
[Source "lmi"]
[SourceDate "2014.07.13"]

1. e4 c5 2. Nf3 e6 3. g3 Nc6 4. Bg2 Nf6 5. Qe2 Be7 6. O-O d5 7. d3 O-O 8. e5
Nd7 9. h4 Qc7 10. Bf4 Nd4 11. Nxd4 cxd4 12. h5 h6 13. Rc1 Bg5 14. Bxg5 hxg5 15.
Re1 f6 16. exf6 Nxf6 17. Nd2 Qf7 18. Nb3 Bd7 19. Nxd4 Rae8 20. Nf3 Ng4 21. Qd2
e5 22. Re2 e4 23. dxe4 dxe4 24. Nxg5 Qxh5 25. Qxd7 Qxg5 26. Rxe4 Nf6 27. Qxb7
Nxe4 28. Bxe4 Re5 29. Bd3 g6 30. Kg2 Rxf2+ 31. Kxf2 Qe3+ 32. Kf1 Re8 33. Kg2
Qd2+ 34. Kf3 Rf8+ 35. Kg4 Rf7 36. Qc8+ Rf8 37. Qe6+ Rf7 38. Rf1 Qb4+ 39. Kh3
1-0

[Event "16. Obert Internacional Sant Martí 2014"]
[Site "Barcelona ESP"]
[Date "2014.07.15"]
[Round "3.24"]
[White "Lindh, Fredrik"]
[Black "Gomez Ledo, Roberto Carlos"]
[Result "1/2-1/2"]
[WhiteElo "2205"]
[BlackElo "2429"]
[PlyCount "82"]
[EventDate "2014.07.13"]
[EventType "swiss"]
[EventRounds "9"]
[EventCountry "ESP"]
[Source "lmi"]
[SourceDate "2014.07.13"]

1. e4 d6 2. d4 Nf6 3. Nc3 c6 4. a4 Nbd7 5. Nf3 e5 6. Bc4 Be7 7. O-O O-O 8. Re1
a5 9. h3 exd4 10. Nxd4 Nc5 11. Bf4 Be6 12. Nxe6 fxe6 13. e5 Ne8 14. exd6 Rxf4
15. dxe7 Qxe7 16. Qe2 Nc7 17. g3 Rf7 18. Qe5 Raf8 19. Re2 Rf5 20. Qd4 Rd8 21.
Qg4 Qf7 22. Rd1 Rf8 23. Rdd2 Nd5 24. Ne4 Nxe4 25. Qxe4 Rf6 26. Bd3 Qh5 27. Qg4
Qf7 28. c3 Ne7 29. Bc4 Nd5 30. Bd3 Rh6 31. Re5 Rf6 32. Ree2 Kh8 33. Be4 Ne7 34.
Bg2 Nf5 35. Qc4 h5 36. Be4 Rg6 37. Qc5 Kg8 38. Bxf5 exf5 39. Re7 Qf6 40. Qe5
Qxe5 41. Rxe5 b6 1/2-1/2

[Event "16. Obert Internacional Sant Martí 2014"]
[Site "Barcelona ESP"]
[Date "2014.07.15"]
[Round "3.25"]
[White "Lorenzo De La Riva, Lazaro"]
[Black "Capellades Subirana, Marc"]
[Result "1-0"]
[WhiteElo "2426"]
[BlackElo "2211"]
[PlyCount "73"]
[EventDate "2014.07.13"]
[EventType "swiss"]
[EventRounds "9"]
[EventCountry "ESP"]
[Source "lmi"]
[SourceDate "2014.07.13"]

1. e4 e5 2. Nf3 Nc6 3. Bb5 Nf6 4. O-O d6 5. d4 Bd7 6. d5 Ne7 7. Bxd7+ Qxd7 8.
Re1 Ng6 9. c4 Be7 10. Nc3 O-O 11. h3 Nh5 12. Nxe5 Nxe5 13. Qxh5 Nxc4 14. Qe2
Ne5 15. Bd2 a6 16. f4 Ng6 17. Qc4 Bh4 18. Re2 Rae8 19. Kh2 f5 20. g3 Bd8 21.
Rae1 b5 22. Qd3 Bf6 23. exf5 Bxc3 24. fxg6 Bxd2 25. Rxe8 Rxe8 26. Qf5 hxg6 27.
Qxd7 Rxe1 28. Qxc7 Re2+ 29. Kh1 Be1 30. Qxd6 Bxg3 31. Qxg6 Bxf4 32. d6 Bxd6 33.
Qxd6 Rxb2 34. Qxa6 b4 35. Qe6+ Kh7 36. h4 g6 37. h5 1-0

[Event "16. Obert Internacional Sant Martí 2014"]
[Site "Barcelona ESP"]
[Date "2014.07.15"]
[Round "3.26"]
[White "Cruz, Filemon"]
[Black "Dave, Dhyani"]
[Result "1/2-1/2"]
[WhiteElo "2412"]
[BlackElo "2201"]
[PlyCount "84"]
[EventDate "2014.07.13"]
[EventType "swiss"]
[EventRounds "9"]
[EventCountry "ESP"]
[Source "lmi"]
[SourceDate "2014.07.13"]

1. Nf3 d5 2. e3 Nf6 3. c4 e6 4. d4 c6 5. Qc2 Nbd7 6. b3 Bd6 7. Bb2 O-O 8. Nbd2
Qe7 9. Ne5 c5 10. Be2 b6 11. O-O Bb7 12. f4 cxd4 13. exd4 Rac8 14. Bd3 Rfd8 15.
Rae1 Ba3 16. Ba1 dxc4 17. bxc4 Bb4 18. Re2 g6 19. Ndf3 b5 20. c5 Bxf3 21. Rxf3
a6 22. f5 Nxe5 23. Rxe5 Nd7 24. Re2 Nxc5 25. fxg6 Nxd3 26. gxf7+ Qxf7 27. Qxd3
Rc1+ 28. Kf2 Qe7 29. Bb2 Rc7 30. Rg3+ Kf8 31. Re4 Rd5 32. Rf3+ Kg8 33. Rg4+ Kh8
34. Qe4 Rc8 35. Ke2 Bd6 36. Kd1 b4 37. Re3 Re8 38. Rh4 Qd7 39. Rh6 Bc5 40. Rd3
e5 41. Kc2 Bxd4 42. Kb1 Re7 1/2-1/2

[Event "16. Obert Internacional Sant Martí 2014"]
[Site "Barcelona ESP"]
[Date "2014.07.15"]
[Round "3.27"]
[White "Asensio Linan, Teodoro"]
[Black "Palit, Somak"]
[Result "0-1"]
[WhiteElo "2189"]
[BlackElo "2411"]
[PlyCount "108"]
[EventDate "2014.07.13"]
[EventType "swiss"]
[EventRounds "9"]
[EventCountry "ESP"]
[Source "lmi"]
[SourceDate "2014.07.13"]

1. d4 c5 2. d5 e5 3. e4 d6 4. f4 exf4 5. Bxf4 Nf6 6. Nc3 Bg4 7. Be2 Bxe2 8.
Qxe2 Be7 9. e5 dxe5 10. Bxe5 Nbd7 11. Bd6 Kf8 12. Bg3 Kg8 13. Nh3 g6 14. O-O h6
15. Rae1 Bf8 16. Nf4 Bg7 17. Nb5 Kh7 18. Nd6 Rf8 19. Qd3 Qb6 20. Nc4 Qa6 21.
Re6 fxe6 22. Nxg6 Rfe8 23. Nf4+ Kh8 24. Ng6+ Kg8 25. d6 Qc6 26. Ne7+ Rxe7 27.
dxe7 Re8 28. Ne5 Qd5 29. Qb5 Nxe5 30. Rxf6 Rxe7 31. Rf1 Qd4+ 32. Bf2 Qc4 33.
Qa5 Rf7 34. Qxa7 Ng4 35. Qxc5 Qxc5 36. Bxc5 Rxf1+ 37. Kxf1 Bxb2 38. h3 Nf6 39.
Ke2 Kf7 40. Be3 h5 41. Kd3 Ke7 42. Kc4 Be5 43. a4 Kd7 44. Kb5 Nd5 45. Bd2 Bg3
46. c4 Nf4 47. Kb6 Kc8 48. c5 Nxg2 49. c6 Bf2+ 50. Kb5 e5 51. cxb7+ Kxb7 52. a5
e4 53. a6+ Ka8 54. Kc4 e3 0-1

[Event "16. Obert Internacional Sant Martí 2014"]
[Site "Barcelona ESP"]
[Date "2014.07.15"]
[Round "3.28"]
[White "Aloma Vidal, Robert"]
[Black "Juan Bartroli, Pau"]
[Result "1-0"]
[WhiteElo "2406"]
[BlackElo "2179"]
[PlyCount "77"]
[EventDate "2014.07.13"]
[EventType "swiss"]
[EventRounds "9"]
[EventCountry "ESP"]
[Source "lmi"]
[SourceDate "2014.07.13"]

1. d4 d5 2. c4 c6 3. Nf3 Nf6 4. Nc3 a6 5. a4 e6 6. Bg5 Be7 7. e3 a5 8. Be2 O-O
9. O-O Na6 10. Qb3 Nb4 11. Na2 dxc4 12. Bxc4 b5 13. axb5 cxb5 14. Bxb5 Rb8 15.
Be2 Bb7 16. Nxb4 Bd5 17. Qc2 Rxb4 18. Nd2 Qb6 19. Rfb1 Qb7 20. Rxa5 Rc8 21. Qd1
Rxb2 22. Rb5 Rxb5 23. Rxb5 Qa8 24. Bf1 h6 25. Bf4 Qa2 26. Rb8 Rxb8 27. Bxb8 Bb4
28. Nf3 Ne4 29. Qe2 Qb1 30. Be5 Bb3 31. h4 Bc2 32. d5 exd5 33. Qb5 Bc3 34. Qxd5
Bxe5 35. Nxe5 Nc3 36. Qxf7+ Kh7 37. Qc4 Qe1 38. Nf3 Qa1 39. Kh2 1-0

[Event "16. Obert Internacional Sant Martí 2014"]
[Site "Barcelona ESP"]
[Date "2014.07.15"]
[Round "3.29"]
[White "Sanchez Enriquez, Oscar Gerard"]
[Black "Sanchez Lopez, Juan Manuel"]
[Result "1-0"]
[WhiteElo "2401"]
[BlackElo "2141"]
[PlyCount "55"]
[EventDate "2014.07.13"]
[EventType "swiss"]
[EventRounds "9"]
[EventCountry "ESP"]
[Source "lmi"]
[SourceDate "2014.07.13"]

1. e4 c5 2. Nf3 Nc6 3. Bb5 e6 4. O-O Nge7 5. d4 cxd4 6. Nxd4 Qb6 7. Nxc6 bxc6
8. Bd3 d5 9. c4 Ba6 10. exd5 cxd5 11. Be3 Qc6 12. Na3 dxc4 13. Nxc4 Rd8 14. Ne5
Rxd3 15. Nxd3 Qb5 16. Qf3 Qxd3 17. Rfd1 Qb5 18. Qa8+ Bc8 19. Rac1 Qb7 20. Qxb7
Bxb7 21. Rc7 Bd5 22. Rdc1 Bxa2 23. b3 a5 24. Rb7 a4 25. bxa4 Bd5 26. Rbc7 Nc6
27. a5 Ba3 28. R1xc6 1-0

[Event "16. Obert Internacional Sant Martí 2014"]
[Site "Barcelona ESP"]
[Date "2014.07.15"]
[Round "3.30"]
[White "Perpinya Rofes, Lluis Maria"]
[Black "Matsenko, Vadim"]
[Result "0-1"]
[WhiteElo "2400"]
[BlackElo "2108"]
[PlyCount "88"]
[EventDate "2014.07.13"]
[EventType "swiss"]
[EventRounds "9"]
[EventCountry "ESP"]
[Source "lmi"]
[SourceDate "2014.07.13"]

1. e4 c5 2. Nf3 Nc6 3. d4 cxd4 4. Nxd4 Qc7 5. Nc3 e6 6. Be2 a6 7. O-O Nf6 8.
Kh1 Nxd4 9. Qxd4 Bc5 10. Qd3 b5 11. Bg5 Bb7 12. f4 b4 13. e5 Nd5 14. Nxd5 Bxd5
15. Bf3 Bxf3 16. Rxf3 d6 17. Raf1 d5 18. Bh4 g6 19. Bf6 Rg8 20. Rg3 Kd7 21. Rh3
h5 22. f5 gxf5 23. Rxf5 Qa5 24. Rf1 Rg6 25. Rxh5 Rag8 26. Bh4 Kc6 27. Bg3 Qxa2
28. Rxf7 Qc4 29. Rhh7 Qxd3 30. cxd3 b3 31. Rb7 Bb6 32. Bf2 d4 33. Rbd7 Rxg2 34.
Rd6+ Kb5 35. Bg3 Rc2 36. Rxe6 Rgc8 37. Rhh6 Ba5 38. Rd6 Rxb2 39. Rd5+ Ka4 40.
Be1 Bxe1 41. Rxa6+ Kb4 42. Rxd4+ Kc3 43. Re4 Bd2 44. e6 Kxd3 0-1

[Event "16. Obert Internacional Sant Martí 2014"]
[Site "Barcelona ESP"]
[Date "2014.07.15"]
[Round "3.31"]
[White "Das, Sayantan"]
[Black "Pozanco Romasanta, Marc"]
[Result "1-0"]
[WhiteElo "2381"]
[BlackElo "2088"]
[PlyCount "61"]
[EventDate "2014.07.13"]
[EventType "swiss"]
[EventRounds "9"]
[EventCountry "ESP"]
[Source "lmi"]
[SourceDate "2014.07.13"]

1. e4 c6 2. d4 d5 3. Nd2 dxe4 4. Nxe4 Nf6 5. Nxf6+ gxf6 6. c3 Qd5 7. Nf3 Bg4 8.
Be2 Nd7 9. Be3 Bg7 10. Qb3 Qxb3 11. axb3 Bf5 12. O-O O-O 13. Ra5 Bc2 14. Nd2 a6
15. Rc1 Bg6 16. h4 h5 17. Nf1 f5 18. Ng3 Bf6 19. Bg5 e6 20. Nxh5 Bxh5 21. Bxh5
Bxg5 22. hxg5 Kg7 23. g4 Rh8 24. Kg2 Nb6 25. Rh1 Nd5 26. Raa1 Rag8 27. Kg3 Kf8
28. f4 f6 29. c4 Nb4 30. gxf6 fxg4 31. Rae1 1-0

[Event "16. Obert Internacional Sant Martí 2014"]
[Site "Barcelona ESP"]
[Date "2014.07.15"]
[Round "3.32"]
[White "Raghunandan, Kaumandur Srihari"]
[Black "Cruz Lledo, Pablo"]
[Result "0-1"]
[WhiteElo "2148"]
[BlackElo "2373"]
[PlyCount "64"]
[EventDate "2014.07.13"]
[EventType "swiss"]
[EventRounds "9"]
[EventCountry "ESP"]
[Source "lmi"]
[SourceDate "2014.07.13"]

1. d4 d5 2. c4 c6 3. Nf3 Nf6 4. e3 Bf5 5. Nc3 e6 6. Nh4 Bg6 7. Be2 Nbd7 8. O-O
Ne4 9. Nxg6 hxg6 10. g3 Nd6 11. b3 Be7 12. Bb2 Nf6 13. c5 Nf5 14. b4 Qc7 15.
Qd3 Rd8 16. f4 g5 17. Kg2 Kd7 18. b5 Rh6 19. Bc1 Rdh8 20. Rh1 Nxg3 21. Kxg3
gxf4+ 22. Kf2 f3 23. bxc6+ bxc6 24. Bxf3 Rxh2+ 25. Rxh2 Rxh2+ 26. Bg2 Ng4+ 27.
Kf1 Rxg2 28. Kxg2 Qh2+ 29. Kf3 Qf2+ 30. Kxg4 Qg2+ 31. Kf4 Bg5+ 32. Ke5 f6# 0-1